[Event "Deutsche Ländermeisterschaft 2025"]
[Site "Oer-Erkenschwick GER"]
[Date "2025.10.05"]
[Round "7"]
[White "Sheng, Ming"]
[Black "Eilenberg, Jonas"]
[Result "1-0"]
[Termination "normal"]
[Board "7.1"]
[BlackTitle "FM"]
[WhiteElo "2148"]
[BlackElo "2346"]
[WhiteClock "00:41:46"]
[BlackClock "00:14:10"]
[WhiteTeam "Saarland & Friends"]
[BlackTeam "Berlin"]
[PlyCount "97"]
[WhiteFideId "34605258"]
[BlackFideId "16204271"]
[EventCountry "GER"]
[EventRounds "7"]
[EventType "team-swiss"]
[EventDate "2025.09.30"]

1. e4 {[%clk 01:30:57]} {[%emt 00:00:03]} e5 {[%clk 01:30:53]} {[%emt
00:00:06]} 2. Nf3 {[%clk 01:31:25]} {[%emt 00:00:03]} Nc6 {[%clk 01:31:15]}
{[%emt 00:00:08]} 3. Bc4 {[%clk 01:31:51]} {[%emt 00:00:03]} Nf6 {[%clk
01:31:38]} {[%emt 00:00:07]} 4. d3 {[%clk 01:32:18]} {[%emt 00:00:04]} Bc5
{[%clk 01:31:54]} {[%emt 00:00:13]} 5. Nc3 {[%clk 01:32:30]} {[%emt 00:00:18]}
a6 {[%clk 01:31:57]} {[%emt 00:00:27]} 6. a4 {[%clk 01:32:42]} {[%emt
00:00:19]} d6 {[%clk 01:31:06]} {[%emt 00:01:20]} 7. Be3 {[%clk 01:33:02]}
{[%emt 00:00:10]} Ba7 {[%clk 01:28:42]} {[%emt 00:02:54]} 8. h3 {[%clk
01:30:33]} {[%emt 00:03:00]} O-O {[%clk 01:26:46]} {[%emt 00:02:26]} 9. O-O
{[%clk 01:27:42]} {[%emt 00:03:21]} h6 {[%clk 01:23:20]} {[%emt 00:03:57]} 10.
Bxa7 {[%clk 01:25:03]} {[%emt 00:03:08]} Rxa7 {[%clk 01:23:33]} {[%emt
00:00:17]} 11. d4 {[%clk 01:25:13]} {[%emt 00:00:20]} exd4 {[%clk 01:22:33]}
{[%emt 00:01:30]} 12. Nxd4 {[%clk 01:25:30]} {[%emt 00:00:11]} Qe7 {[%clk
01:20:53]} {[%emt 00:02:11]} 13. Nxc6 {[%clk 01:24:52]} {[%emt 00:01:09]} bxc6
{[%clk 01:21:21]} {[%emt 00:00:02]} 14. Qd4 {[%clk 01:24:56]} {[%emt 00:00:26]}
c5 {[%clk 01:20:42]} {[%emt 00:01:09]} 15. Qd3 {[%clk 01:25:10]} {[%emt
00:00:16]} Bb7 {[%clk 01:17:11]} {[%emt 00:04:02]} 16. Rfe1 {[%clk 01:21:09]}
{[%emt 00:04:30]} Qe5 {[%clk 01:10:45]} {[%emt 00:06:56]} 17. Bd5 {[%clk
01:18:15]} {[%emt 00:03:24]} Rb8 {[%clk 01:06:15]} {[%emt 00:05:01]} 18. b3
{[%clk 01:14:40]} {[%emt 00:04:05]} Bc8 {[%clk 01:05:12]} {[%emt 00:01:33]} 19.
Bc4 {[%clk 01:06:28]} {[%emt 00:08:42]} Be6 {[%clk 00:54:57]} {[%emt 00:10:45]}
20. Bxa6 {[%clk 01:02:33]} {[%emt 00:04:24]} Rxa6 {[%clk 00:50:29]} {[%emt
00:04:59]} 21. Qxa6 {[%clk 01:02:54]} {[%emt 00:00:08]} Qxc3 {[%clk 00:50:55]}
{[%emt 00:00:04]} 22. Qa7 {[%clk 01:02:27]} {[%emt 00:00:57]} Rf8 {[%clk
00:32:54]} {[%emt 00:18:31]} 23. Qb7 {[%clk 00:57:17]} {[%emt 00:05:40]} Qa5
{[%clk 00:29:44]} {[%emt 00:03:40]} 24. Qb5 {[%clk 00:55:12]} {[%emt 00:02:35]}
Qa8 {[%clk 00:27:02]} {[%emt 00:03:12]} 25. f3 {[%clk 00:41:04]} {[%emt
00:14:38]} Rb8 {[%clk 00:26:25]} {[%emt 00:01:07]} 26. Qd3 {[%clk 00:40:29]}
{[%emt 00:01:04]} Qa5 {[%clk 00:26:25]} {[%emt 00:00:30]} 27. c4 {[%clk
00:39:49]} {[%emt 00:01:10]} Nd7 {[%clk 00:21:15]} {[%emt 00:05:40]} 28. f4
{[%clk 00:38:57]} {[%emt 00:01:22]} Nf8 {[%clk 00:21:45]} 29. Re3 {[%clk
00:34:58]} {[%emt 00:04:29]} Bc8 {[%clk 00:19:09]} {[%emt 00:03:06]} 30. e5
{[%clk 00:23:02]} {[%emt 00:12:26]} g6 {[%clk 00:09:00]} {[%emt 00:10:40]} 31.
exd6 {[%clk 00:21:53]} {[%emt 00:01:39]} Bf5 {[%clk 00:09:11]} {[%emt
00:00:19]} 32. dxc7 {[%clk 00:21:19]} {[%emt 00:01:03]} Qxc7 {[%clk 00:09:30]}
{[%emt 00:00:11]} 33. Qd5 {[%clk 00:21:22]} {[%emt 00:00:26]} Rd8 {[%clk
00:05:24]} {[%emt 00:04:37]} 34. Qe5 {[%clk 00:20:58]} {[%emt 00:00:54]} Qa5
{[%clk 00:05:37]} {[%emt 00:00:18]} 35. Qc3 {[%clk 00:21:01]} {[%emt 00:00:26]}
Qa8 {[%clk 00:05:43]} {[%emt 00:00:25]} 36. a5 {[%clk 00:20:37]} {[%emt
00:00:49]} Ne6 {[%emt 00:00:14]} 37. Rf1 {[%clk 00:19:12]} {[%emt 00:01:53]}
Rd4 {[%clk 00:05:24]} {[%emt 00:01:12]} 38. g4 {[%clk 00:18:52]} {[%emt
00:00:50]} Be4 {[%clk 00:02:58]} {[%emt 00:02:56]} 39. Qe1 {[%clk 00:18:11]}
{[%emt 00:01:10]} Kh7 {[%clk 00:01:41]} {[%emt 00:01:47]} 40. a6 {[%clk
00:17:44]} {[%emt 00:00:58]} Bh1 {[%clk 00:00:38]} {[%emt 00:01:33]} 41. Rf2
{[%clk 00:16:54]} {[%emt 00:01:20]} Nxf4 {[%clk 00:27:49]} {[%emt 00:03:18]}
42. Re8 {[%clk 00:45:23]} {[%emt 00:02:00]} Rd1 {[%clk 00:16:24]} {[%emt
00:11:56]} 43. Qxd1 {[%clk 00:44:17]} {[%emt 00:01:36]} Nxh3+ {[%clk 00:16:53]}
{[%emt 00:00:01]} 44. Kh2 {[%clk 00:43:57]} {[%emt 00:00:49]} Qxe8 {[%clk
00:17:20]} {[%emt 00:00:03]} 45. Qe2 {[%clk 00:43:31]} {[%emt 00:00:56]} Qb8+
{[%clk 00:13:51]} {[%emt 00:03:58]} 46. Kxh3 {[%clk 00:43:48]} {[%emt
00:00:15]} Kg8 {[%clk 00:14:15]} {[%emt 00:00:06]} 47. Qe7 {[%clk 00:41:33]}
{[%emt 00:02:44]} Qxb3+ {[%clk 00:13:58]} {[%emt 00:00:47]} 48. Kh2 {[%clk
00:41:44]} {[%emt 00:00:19]} Bf3 {[%clk 00:14:10]} {[%emt 00:00:19]} 49. a7
{[%clk 00:41:46]} {[%emt 00:00:28]} 1-0

[Event "Deutsche Ländermeisterschaft 2025"]
[Site "Oer-Erkenschwick GER"]
[Date "2025.10.05"]
[Round "7"]
[White "Jahnz, Laurin"]
[Black "Müller, Maximilian"]
[Result "1/2-1/2"]
[Termination "normal"]
[Board "7.2"]
[WhiteTitle "CM"]
[WhiteElo "2220"]
[BlackElo "2059"]
[WhiteClock "00:14:36"]
[BlackClock "00:04:40"]
[WhiteTeam "Berlin"]
[BlackTeam "Saarland & Friends"]
[PlyCount "130"]
[WhiteFideId "16261089"]
[BlackFideId "16243552"]
[EventCountry "GER"]
[EventRounds "7"]
[EventType "team-swiss"]
[EventDate "2025.09.30"]

1. Nf3 {[%clk 01:30:58]} {[%emt 00:00:01]} Nf6 {[%clk 01:30:48]} {[%emt
00:00:12]} 2. g3 {[%clk 01:31:22]} {[%emt 00:00:06]} d5 {[%clk 01:31:07]}
{[%emt 00:00:11]} 3. Bg2 {[%clk 01:31:48]} {[%emt 00:00:04]} c6 {[%clk
01:24:11]} {[%emt 00:07:27]} 4. O-O {[%clk 01:32:03]} {[%emt 00:00:15]} g6
{[%clk 01:21:06]} {[%emt 00:03:34]} 5. d3 {[%clk 01:30:21]} {[%emt 00:02:13]}
Bg7 {[%clk 01:19:41]} {[%emt 00:01:55]} 6. Nbd2 {[%clk 01:30:45]} {[%emt
00:00:05]} O-O {[%clk 01:17:22]} {[%emt 00:02:49]} 7. e4 {[%clk 01:30:38]}
{[%emt 00:00:37]} Qb6 {[%clk 01:11:54]} {[%emt 00:05:59]} 8. c3 {[%clk
01:29:29]} {[%emt 00:01:39]} e6 {[%clk 01:09:48]} {[%emt 00:02:35]} 9. Re1
{[%clk 01:26:18]} {[%emt 00:03:41]} c5 {[%clk 01:10:02]} {[%emt 00:00:16]} 10.
exd5 {[%clk 01:14:08]} {[%emt 00:12:40]} exd5 {[%clk 01:10:09]} {[%emt
00:00:23]} 11. d4 {[%clk 01:14:33]} {[%emt 00:00:06]} c4 {[%clk 01:00:54]}
{[%emt 00:09:45]} 12. Ne5 {[%clk 01:06:25]} {[%emt 00:08:37]} Nc6 {[%clk
01:00:37]} {[%emt 00:00:47]} 13. Ndf3 {[%clk 01:06:13]} {[%emt 00:00:42]} Nd7
{[%clk 00:56:41]} {[%emt 00:04:26]} 14. Nxd7 {[%clk 00:59:57]} {[%emt
00:06:46]} Bxd7 {[%clk 00:57:10]} {[%emt 00:00:01]} 15. Nh4 {[%clk 00:55:23]}
{[%emt 00:05:05]} Qb5 {[%clk 00:47:09]} {[%emt 00:10:30]} 16. a4 {[%clk
00:50:59]} {[%emt 00:04:54]} Qa5 {[%clk 00:47:37]} {[%emt 00:00:02]} 17. Bf4
{[%clk 00:45:42]} {[%emt 00:05:47]} Rfe8 {[%clk 00:47:08]} {[%emt 00:00:59]}
18. Qd2 {[%clk 00:42:26]} {[%emt 00:03:47]} Rxe1+ {[%clk 00:38:40]} {[%emt
00:08:56]} 19. Rxe1 {[%clk 00:42:48]} {[%emt 00:00:09]} Be6 {[%clk 00:39:06]}
{[%emt 00:00:04]} 20. Nf3 {[%clk 00:37:35]} {[%emt 00:05:42]} Re8 {[%clk
00:37:12]} {[%emt 00:02:25]} 21. Ng5 {[%clk 00:31:51]} {[%emt 00:06:14]} Qd8
{[%clk 00:36:17]} {[%emt 00:01:25]} 22. Nxe6 {[%clk 00:32:05]} {[%emt
00:00:17]} Rxe6 {[%clk 00:36:40]} {[%emt 00:00:06]} 23. Rxe6 {[%clk 00:32:26]}
{[%emt 00:00:08]} fxe6 {[%clk 00:37:06]} {[%emt 00:00:05]} 24. Qe3 {[%clk
00:29:46]} {[%emt 00:03:11]} Qe7 {[%clk 00:35:45]} {[%emt 00:01:50]} 25. h4
{[%clk 00:25:43]} {[%emt 00:04:33]} Kf7 {[%clk 00:33:35]} {[%emt 00:02:40]} 26.
h5 {[%clk 00:23:51]} {[%emt 00:02:22]} Bf6 {[%clk 00:32:55]} {[%emt 00:01:09]}
27. Qf3 {[%clk 00:22:05]} {[%emt 00:02:16]} Kg7 {[%clk 00:33:06]} {[%emt
00:00:19]} 28. h6+ {[%clk 00:22:01]} {[%emt 00:00:34]} Kg8 {[%clk 00:31:35]}
{[%emt 00:02:02]} 29. Bd2 {[%clk 00:21:17]} {[%emt 00:01:14]} Bg5 {[%clk
00:29:01]} {[%emt 00:03:04]} 30. Qe2 {[%clk 00:21:18]} {[%emt 00:00:28]} Bxd2
{[%clk 00:29:20]} {[%emt 00:00:10]} 31. Qxd2 {[%clk 00:21:45]} {[%emt
00:00:03]} Qf6 {[%clk 00:29:24]} {[%emt 00:00:26]} 32. f4 {[%clk 00:20:59]}
{[%emt 00:01:16]} Qf5 {[%clk 00:25:04]} {[%emt 00:04:51]} 33. Kh2 {[%clk
00:17:46]} {[%emt 00:03:42]} Kf7 {[%clk 00:25:26]} {[%emt 00:00:08]} 34. Qe3
{[%clk 00:14:58]} {[%emt 00:03:18]} Ne7 {[%clk 00:17:24]} {[%emt 00:08:32]} 35.
a5 {[%clk 00:04:53]} {[%emt 00:10:36]} a6 {[%clk 00:15:27]} {[%emt 00:02:27]}
36. Qe1 {[%clk 00:04:30]} {[%emt 00:00:53]} Nc6 {[%clk 00:15:35]} {[%emt
00:00:21]} 37. Bh3 {[%clk 00:04:05]} {[%emt 00:00:55]} Qf6 {[%clk 00:15:33]}
{[%emt 00:00:32]} 38. Qe3 {[%clk 00:03:31]} {[%emt 00:01:04]} Nxa5 {[%clk
00:14:23]} {[%emt 00:01:40]} 39. g4 {[%clk 00:03:58]} {[%emt 00:00:03]} Nc6
{[%clk 00:14:04]} {[%emt 00:00:49]} 40. f5 {[%clk 00:04:07]} {[%emt 00:00:21]}
exf5 {[%clk 00:08:34]} {[%emt 00:06:00]} 41. gxf5 {[%clk 00:04:36]} gxf5 {[%clk
00:08:25]} {[%emt 00:00:39]} 42. Qf4 {[%clk 00:05:03]} {[%emt 00:00:03]} Ne7
{[%clk 00:08:04]} {[%emt 00:00:51]} 43. Bg2 {[%clk 00:05:30]} {[%emt 00:00:03]}
Qg6 {[%clk 00:05:09]} {[%emt 00:03:26]} 44. Bf3 {[%clk 00:05:40]} {[%emt
00:00:19]} b5 {[%clk 00:02:26]} {[%emt 00:03:12]} 45. Qh4 {[%clk 00:05:26]}
{[%emt 00:00:45]} Qd6+ {[%clk 00:01:12]} {[%emt 00:01:44]} 46. Kg2 {[%clk
00:05:52]} {[%emt 00:00:03]} Ng6 {[%clk 00:01:13]} {[%emt 00:00:29]} 47. Qg5
{[%clk 00:05:02]} {[%emt 00:01:21]} Ke6 {[%clk 00:28:26]} {[%emt 00:03:17]} 48.
Qe3+ {[%clk 00:27:47]} {[%emt 00:07:45]} Kf6 {[%clk 00:28:48]} {[%emt
00:00:08]} 49. Kf2 {[%clk 00:27:22]} {[%emt 00:00:55]} Qh2+ {[%clk 00:28:28]}
{[%emt 00:00:50]} 50. Ke1 {[%clk 00:25:38]} {[%emt 00:02:14]} Qf4 {[%clk
00:28:43]} {[%emt 00:00:15]} 51. Qe2 {[%clk 00:25:27]} {[%emt 00:00:41]} Ne7
{[%clk 00:26:49]} {[%emt 00:02:24]} 52. Kd1 {[%clk 00:25:29]} {[%emt 00:00:28]}
Qg3 {[%clk 00:20:05]} {[%emt 00:07:14]} 53. Kc2 {[%clk 00:23:16]} {[%emt
00:02:43]} a5 {[%clk 00:20:07]} {[%emt 00:00:29]} 54. b3 {[%clk 00:20:44]}
{[%emt 00:03:01]} a4 {[%clk 00:20:32]} {[%emt 00:00:06]} 55. b4 {[%clk
00:20:02]} {[%emt 00:01:11]} Qf4 {[%clk 00:14:53]} {[%emt 00:06:08]} 56. Kb2
{[%clk 00:19:05]} {[%emt 00:01:28]} Nc6 {[%clk 00:11:27]} {[%emt 00:03:55]} 57.
Ka2 {[%clk 00:16:18]} {[%emt 00:03:18]} Ne7 {[%clk 00:07:52]} {[%emt 00:04:06]}
58. Kb2 {[%clk 00:16:24]} {[%emt 00:00:23]} Qg3 {[%clk 00:04:23]} {[%emt
00:03:59]} 59. Ka2 {[%clk 00:15:21]} {[%emt 00:01:33]} Ng6 {[%clk 00:04:24]}
{[%emt 00:00:29]} 60. Kb2 {[%clk 00:13:44]} {[%emt 00:02:07]} Nf4 {[%clk
00:04:24]} {[%emt 00:00:30]} 61. Qe5+ {[%clk 00:13:57]} {[%emt 00:00:16]} Kg5
{[%clk 00:04:42]} {[%emt 00:00:12]} 62. Qe7+ {[%clk 00:14:09]} {[%emt
00:00:19]} Kxh6 {[%clk 00:05:04]} {[%emt 00:00:08]} 63. Qd6+ {[%clk 00:14:34]}
{[%emt 00:00:05]} Kg5 {[%clk 00:03:58]} {[%emt 00:01:36]} 64. Qe7+ {[%clk
00:14:59]} {[%emt 00:00:05]} Kg6 {[%clk 00:04:23]} {[%emt 00:00:05]} 65. Qd6+
{[%clk 00:14:36]} {[%emt 00:00:53]} Kg7 {[%clk 00:04:40]} {[%emt 00:00:12]}
1/2-1/2

[Event "Deutsche Ländermeisterschaft 2025"]
[Site "Oer-Erkenschwick GER"]
[Date "2025.10.05"]
[Round "7"]
[White "Tabales, Lennart"]
[Black "Held, Momme Fredrik"]
[Result "1/2-1/2"]
[Termination "normal"]
[Board "7.3"]
[WhiteElo "1873"]
[BlackElo "2081"]
[WhiteClock "00:22:13"]
[BlackClock "00:06:53"]
[WhiteTeam "Saarland & Friends"]
[BlackTeam "Berlin"]
[PlyCount "64"]
[WhiteFideId "34604057"]
[BlackFideId "16237692"]
[EventCountry "GER"]
[EventRounds "7"]
[EventType "team-swiss"]
[EventDate "2025.09.30"]

1. e4 {[%clk 01:30:58]} {[%emt 00:00:03]} c5 {[%clk 01:30:56]} {[%emt
00:00:04]} 2. Nf3 {[%clk 01:31:22]} {[%emt 00:00:06]} g6 {[%clk 01:31:22]}
{[%emt 00:00:03]} 3. d4 {[%clk 01:31:39]} {[%emt 00:00:14]} cxd4 {[%clk
01:31:47]} {[%emt 00:00:05]} 4. c3 {[%clk 01:32:06]} {[%emt 00:00:03]} d3
{[%clk 01:31:38]} {[%emt 00:00:39]} 5. Bxd3 {[%clk 01:31:34]} {[%emt 00:01:01]}
Bg7 {[%clk 01:31:45]} {[%emt 00:00:23]} 6. Bg5 {[%clk 01:27:28]} {[%emt
00:04:36]} Nc6 {[%clk 01:31:41]} {[%emt 00:00:34]} 7. Qd2 {[%clk 01:26:16]}
{[%emt 00:01:43]} d6 {[%clk 01:30:00]} {[%emt 00:02:11]} 8. h3 {[%clk
01:24:27]} {[%emt 00:02:20]} Be6 {[%clk 01:18:26]} {[%emt 00:12:02]} 9. Na3
{[%clk 01:22:27]} {[%emt 00:02:31]} h6 {[%clk 01:12:01]} {[%emt 00:06:55]} 10.
Be3 {[%clk 01:21:08]} {[%emt 00:01:49]} Nf6 {[%clk 01:12:22]} {[%emt 00:00:09]}
11. O-O {[%clk 01:07:32]} {[%emt 00:14:06]} d5 {[%clk 01:11:55]} {[%emt
00:00:56]} 12. exd5 {[%clk 01:07:14]} {[%emt 00:00:49]} Nxd5 {[%clk 01:11:48]}
{[%emt 00:00:36]} 13. Rad1 {[%clk 01:06:55]} {[%emt 00:00:50]} Qa5 {[%clk
01:01:25]} {[%emt 00:10:52]} 14. Nc4 {[%clk 01:01:01]} {[%emt 00:06:23]} Qc7
{[%clk 01:01:49]} {[%emt 00:00:07]} 15. Nd4 {[%clk 00:54:14]} {[%emt 00:07:18]}
Nxd4 {[%clk 00:57:20]} {[%emt 00:04:59]} 16. cxd4 {[%clk 00:54:03]} {[%emt
00:00:40]} Nxe3 {[%clk 00:55:15]} {[%emt 00:02:36]} 17. Nxe3 {[%clk 00:54:24]}
{[%emt 00:00:08]} O-O {[%clk 00:54:58]} {[%emt 00:00:47]} 18. d5 {[%clk
00:53:28]} {[%emt 00:01:26]} Bd7 {[%clk 00:53:40]} {[%emt 00:01:47]} 19. Qb4
{[%clk 00:52:47]} {[%emt 00:01:12]} Bf6 {[%clk 00:44:18]} {[%emt 00:09:52]} 20.
b3 {[%clk 00:46:39]} {[%emt 00:06:39]} Rfc8 {[%clk 00:40:01]} {[%emt 00:04:46]}
21. Qe4 {[%clk 00:37:28]} {[%emt 00:09:41]} Qa5 {[%clk 00:36:21]} {[%emt
00:04:10]} 22. Bb1 {[%clk 00:34:46]} {[%emt 00:03:13]} Bb5 {[%clk 00:24:50]}
{[%emt 00:12:01]} 23. Nc4 {[%clk 00:33:09]} {[%emt 00:02:06]} Bxc4 {[%clk
00:24:11]} {[%emt 00:01:09]} 24. bxc4 {[%clk 00:33:36]} {[%emt 00:00:04]} Qa4
{[%clk 00:24:27]} {[%emt 00:00:13]} 25. d6 {[%clk 00:31:55]} {[%emt 00:02:11]}
Rd8 {[%clk 00:18:24]} {[%emt 00:06:33]} 26. Bc2 {[%clk 00:28:16]} {[%emt
00:04:09]} Qxa2 {[%clk 00:17:04]} {[%emt 00:01:50]} 27. dxe7 {[%clk 00:26:18]}
{[%emt 00:02:29]} Re8 {[%clk 00:17:25]} {[%emt 00:00:08]} 28. Rd7 {[%clk
00:25:09]} {[%emt 00:01:39]} Rxe7 {[%clk 00:11:47]} {[%emt 00:06:09]} 29. Rxe7
{[%clk 00:23:33]} {[%emt 00:02:06]} Bxe7 {[%clk 00:12:13]} {[%emt 00:00:04]}
30. Qxb7 {[%clk 00:23:20]} {[%emt 00:00:42]} Rf8 {[%clk 00:11:30]} {[%emt
00:01:13]} 31. Bxg6 {[%clk 00:21:54]} {[%emt 00:01:57]} fxg6 {[%clk 00:07:29]}
{[%emt 00:04:31]} 32. Qxe7 {[%clk 00:22:13]} {[%emt 00:00:10]} Qxc4 {[%clk
00:06:53]} {[%emt 00:01:06]} 1/2-1/2

[Event "Deutsche Ländermeisterschaft 2025"]
[Site "Oer-Erkenschwick GER"]
[Date "2025.10.05"]
[Round "7"]
[White "Hoppe, Arthur"]
[Black "Prashanthakumar, Arju"]
[Result "1-0"]
[Termination "normal"]
[Board "7.4"]
[WhiteElo "2041"]
[BlackElo "1817"]
[WhiteClock "00:54:00"]
[BlackClock "00:48:29"]
[WhiteTeam "Berlin"]
[BlackTeam "Saarland & Friends"]
[PlyCount "69"]
[WhiteFideId "34618910"]
[BlackFideId "34604065"]
[EventCountry "GER"]
[EventRounds "7"]
[EventType "team-swiss"]
[EventDate "2025.09.30"]

1. d4 {[%clk 01:30:53]} {[%emt 00:00:05]} Nf6 {[%clk 01:30:41]} {[%emt
00:00:20]} 2. c4 {[%clk 01:31:19]} {[%emt 00:00:04]} g6 {[%clk 01:30:36]}
{[%emt 00:00:36]} 3. Nc3 {[%clk 01:31:36]} {[%emt 00:00:13]} Bg7 {[%clk
01:30:36]} {[%emt 00:00:29]} 4. e4 {[%clk 01:31:52]} {[%emt 00:00:14]} d6
{[%clk 01:30:46]} {[%emt 00:00:20]} 5. f3 {[%clk 01:32:16]} {[%emt 00:00:06]}
O-O {[%clk 01:30:15]} {[%emt 00:01:01]} 6. Bg5 {[%clk 01:32:38]} {[%emt
00:00:08]} Nbd7 {[%clk 01:28:09]} {[%emt 00:02:37]} 7. Nh3 {[%clk 01:33:03]}
{[%emt 00:00:05]} c5 {[%clk 01:26:27]} {[%emt 00:02:11]} 8. d5 {[%clk
01:33:19]} {[%emt 00:00:14]} a6 {[%clk 01:22:13]} {[%emt 00:04:45]} 9. a4
{[%clk 01:32:48]} {[%emt 00:01:01]} b6 {[%clk 01:21:30]} {[%emt 00:01:13]} 10.
Qd2 {[%clk 01:32:28]} {[%emt 00:00:49]} Qc7 {[%clk 01:19:49]} {[%emt 00:02:12]}
11. Nf2 {[%clk 01:28:44]} {[%emt 00:04:13]} Bb7 {[%clk 01:14:54]} {[%emt
00:05:26]} 12. Be2 {[%clk 01:28:29]} {[%emt 00:00:43]} Rad8 {[%clk 01:14:44]}
{[%emt 00:00:42]} 13. O-O {[%clk 01:28:42]} {[%emt 00:00:16]} e6 {[%clk
01:14:17]} {[%emt 00:00:57]} 14. Bh6 {[%clk 01:28:00]} {[%emt 00:01:11]} exd5
{[%clk 01:14:10]} {[%emt 00:00:39]} 15. Bxg7 {[%clk 01:28:20]} {[%emt
00:00:10]} Kxg7 {[%clk 01:14:32]} {[%emt 00:00:07]} 16. cxd5 {[%clk 01:28:43]}
{[%emt 00:00:07]} Rde8 {[%clk 01:12:15]} {[%emt 00:02:47]} 17. Ncd1 {[%clk
01:25:23]} {[%emt 00:03:49]} h5 {[%clk 01:11:03]} {[%emt 00:01:43]} 18. Ne3
{[%clk 01:25:17]} {[%emt 00:00:36]} Ne5 {[%clk 01:10:45]} {[%emt 00:00:48]} 19.
Rfe1 {[%clk 01:22:36]} {[%emt 00:03:10]} Bc8 {[%clk 01:09:29]} {[%emt
00:01:48]} 20. b3 {[%clk 01:19:37]} {[%emt 00:03:28]} h4 {[%clk 01:06:13]}
{[%emt 00:03:46]} 21. Nd3 {[%clk 01:13:01]} {[%emt 00:07:06]} h3 {[%clk
01:05:06]} {[%emt 00:01:38]} 22. g3 {[%clk 01:12:52]} {[%emt 00:00:38]} Qe7
{[%clk 01:03:04]} {[%emt 00:02:33]} 23. Nxe5 {[%clk 01:12:54]} {[%emt
00:00:28]} dxe5 {[%clk 00:55:46]} {[%emt 00:07:48]} 24. Rac1 {[%clk 01:08:11]}
{[%emt 00:05:13]} Rd8 {[%clk 00:52:22]} {[%emt 00:03:54]} 25. Qc3 {[%clk
01:07:34]} {[%emt 00:01:06]} Ne8 {[%clk 00:50:48]} {[%emt 00:02:05]} 26. Nc4
{[%clk 01:07:18]} {[%emt 00:00:45]} f6 {[%clk 00:49:15]} {[%emt 00:02:04]} 27.
Nxb6 {[%clk 01:07:09]} {[%emt 00:00:39]} Nd6 {[%clk 00:49:05]} {[%emt
00:00:40]} 28. Qxc5 {[%clk 01:01:17]} {[%emt 00:06:22]} f5 {[%clk 00:48:58]}
{[%emt 00:00:37]} 29. Qc7 {[%clk 01:00:57]} {[%emt 00:00:50]} Bd7 {[%clk
00:49:14]} {[%emt 00:00:14]} 30. Rc6 {[%clk 00:57:39]} {[%emt 00:03:48]} Nc8
{[%clk 00:47:55]} {[%emt 00:01:49]} 31. Nxc8 {[%clk 00:55:21]} {[%emt
00:02:48]} Rxc8 {[%clk 00:48:10]} {[%emt 00:00:15]} 32. Qd6 {[%clk 00:55:44]}
{[%emt 00:00:06]} Qf7 {[%clk 00:48:01]} {[%emt 00:00:40]} 33. Qxe5+ {[%clk
00:55:29]} {[%emt 00:00:45]} Kg8 {[%clk 00:48:10]} {[%emt 00:00:21]} 34. Rxc8
{[%clk 00:53:41]} {[%emt 00:02:19]} Rxc8 {[%clk 00:48:29]} {[%emt 00:00:10]}
35. Bc4 {[%clk 00:54:00]} {[%emt 00:00:12]} 1-0

[Event "Deutsche Ländermeisterschaft 2025"]
[Site "Oer-Erkenschwick GER"]
[Date "2025.10.05"]
[Round "7"]
[White "Jung, Marcel"]
[Black "Gersemann, Karl"]
[Result "0-1"]
[Termination "normal"]
[Board "7.5"]
[WhiteElo "1749"]
[BlackElo "2001"]
[WhiteClock "00:46:15"]
[BlackClock "01:17:19"]
[WhiteTeam "Saarland & Friends"]
[BlackTeam "Berlin"]
[PlyCount "54"]
[WhiteFideId "34673881"]
[BlackFideId "34602186"]
[EventCountry "GER"]
[EventRounds "7"]
[EventType "team-swiss"]
[EventDate "2025.09.30"]

1. c4 {[%clk 01:30:58]} {[%emt 00:00:01]} Nf6 {[%clk 01:30:54]} {[%emt
00:00:07]} 2. Nc3 {[%clk 01:31:25]} {[%emt 00:00:04]} e6 {[%clk 01:31:16]}
{[%emt 00:00:07]} 3. Nf3 {[%clk 01:31:37]} {[%emt 00:00:18]} d5 {[%clk
01:31:31]} {[%emt 00:00:14]} 4. e3 {[%clk 01:32:03]} {[%emt 00:00:05]} Be7
{[%clk 01:31:16]} {[%emt 00:00:45]} 5. b3 {[%clk 01:32:29]} {[%emt 00:00:04]}
c5 {[%clk 01:31:17]} {[%emt 00:00:29]} 6. Bb2 {[%clk 01:32:44]} {[%emt
00:00:14]} Nc6 {[%clk 01:31:04]} {[%emt 00:00:43]} 7. cxd5 {[%clk 01:30:43]}
{[%emt 00:02:32]} exd5 {[%clk 01:31:25]} {[%emt 00:00:07]} 8. Bb5 {[%clk
01:29:15]} {[%emt 00:01:58]} O-O {[%clk 01:31:27]} {[%emt 00:00:28]} 9. O-O
{[%clk 01:27:00]} {[%emt 00:02:46]} Bg4 {[%clk 01:29:17]} {[%emt 00:02:40]} 10.
Ne2 {[%clk 01:22:42]} {[%emt 00:04:48]} Bxf3 {[%clk 01:27:38]} {[%emt
00:02:09]} 11. gxf3 {[%clk 01:23:03]} {[%emt 00:00:10]} Bd6 {[%clk 01:22:34]}
{[%emt 00:05:33]} 12. d4 {[%clk 01:17:16]} {[%emt 00:06:17]} a6 {[%clk
01:18:42]} {[%emt 00:04:21]} 13. Bxc6 {[%clk 01:06:41]} {[%emt 00:11:06]} bxc6
{[%clk 01:19:05]} {[%emt 00:00:06]} 14. dxc5 {[%clk 01:07:02]} {[%emt
00:00:10]} Bxc5 {[%clk 01:18:19]} {[%emt 00:01:15]} 15. Rc1 {[%clk 01:06:24]}
{[%emt 00:01:09]} Bd6 {[%clk 01:18:26]} {[%emt 00:00:22]} 16. Rxc6 {[%clk
01:05:15]} {[%emt 00:01:39]} Qd7 {[%clk 01:18:46]} {[%emt 00:00:10]} 17. Nd4
{[%clk 01:03:09]} {[%emt 00:02:36]} Be5 {[%clk 01:18:46]} {[%emt 00:00:31]} 18.
Rc2 {[%clk 00:56:27]} {[%emt 00:07:12]} Qh3 {[%clk 01:16:01]} {[%emt 00:03:14]}
19. f4 {[%clk 00:56:05]} {[%emt 00:00:53]} Ng4 {[%clk 01:16:03]} {[%emt
00:00:28]} 20. Nf3 {[%clk 00:47:38]} {[%emt 00:08:57]} Bxb2 {[%clk 01:16:26]}
{[%emt 00:00:08]} 21. Rxb2 {[%clk 00:47:58]} {[%emt 00:00:09]} Rad8 {[%clk
01:16:26]} {[%emt 00:00:30]} 22. Kh1 {[%clk 00:47:05]} {[%emt 00:01:23]} Rd6
{[%clk 01:16:42]} {[%emt 00:00:14]} 23. Rg1 {[%clk 00:47:24]} {[%emt 00:00:11]}
Rh6 {[%clk 01:15:47]} {[%emt 00:01:24]} 24. Rg3 {[%clk 00:47:20]} {[%emt
00:00:35]} Nxf2+ {[%clk 01:16:10]} {[%emt 00:00:07]} 25. Rxf2 {[%clk 00:46:59]}
{[%emt 00:00:51]} Qxg3 {[%clk 01:16:36]} {[%emt 00:00:04]} 26. Rg2 {[%clk
00:46:42]} {[%emt 00:00:47]} Qh3 {[%clk 01:16:58]} {[%emt 00:00:07]} 27. Rg3
{[%clk 00:46:15]} {[%emt 00:00:59]} Qxg3 {[%clk 01:17:19]} {[%emt 00:00:09]}
0-1